Statistiques concernant Culture Générale - Série 1322

Cliquez ici pour prendre le quiz!

Statistiques générales

  • Ce quiz a été pris 47 fois
  • Le résultat moyen est 5 sur 10

Statistiques - réponses

Question Réponse % Correct
D'une personne peureuse et lâche, on dit que c'est une poule...mouillée
93%
Comment appelle-t-on la tente sous laquelle les cirques ambulants donnent leurs représentations ?chapiteau
91%
Jusqu'au début du XXe siècle, quelles femmes, considérées comme des monstres à cause de leur pilosité, exhibait-on comme phénomènes de foire ?femmes à barbe
61%
Quelle est la capitale du Mozambique ?Maputo
55%
Quel archipel polynésien le navigateur Samuel Wallis a-t-il découvert en 1767 ?Wallis-et-Futuna
48%
Entre 1921 et 1929, quel pays adopta une politique économique appelée N.E.P. ?U.R.S.S
39%
De quel roi de France Diane de Poitiers était-elle la favorite ?Henri II
30%
En 1987, quel cycliste irlandais remporte le Tour d'Italie, le Tour de France et le championnat du monde sur route ?Stephen Roche
20%
Quel écrivain français, prénommé Henri, reçoit le prix Goncourt en 1916, pour son ouvrage "Le Feu" ?Henri Barbusse
7%
Dans la mythologie grecque, quelle fille des Titans est la mère des jumeaux Artémis et Apollon ?Léto
7%

Distribution des résultats

Percentile par nombre de réponses

% des personnes avec chaque résultat

Votre développement - résultats

Vous n’avez pas pris ce quiz